00530nam a2200193 a 4500001001300000003000900013005001700022008004100039020001100080082001300091100001900104245007800123260003800201300000900239500003500248505001000283650002400293700001900317nice12345678IN_TiNIC20260116011403.0050524s1964 lona grp 000 0 eng  ac204000a956bKIR aKirk, George E aShort History of the Middle Eastb from the Rise of Islam to Modern Times aLondonbMethuen and Companyc1964 a340p aincludes index and biblioraphy2 aIndex aMiddle East-History1 aKirk, George E